Las tres preguntas / (Record no. 21379)

MARC details
000 -LEADER
fixed length control field 02123cam a2200397Ii 4500
001 - CONTROL NUMBER
control field 53809116
003 - CONTROL NUMBER IDENTIFIER
control field OCoLC
005 - DATE AND TIME OF LATEST TRANSACTION
control field 20181015180239.0
008 - FIXED-LENGTH DATA ELEMENTS--GENERAL INFORMATION
fixed length control field 031201s2003 nyua j 000 1 spa d
020 ## - INTERNATIONAL STANDARD BOOK NUMBER
International Standard Book Number 0439545641(pbk.)
Terms of availability $5.99
020 ## - INTERNATIONAL STANDARD BOOK NUMBER
International Standard Book Number 9780439545648 (pbk)
040 ## - CATALOGING SOURCE
Original cataloging agency LPU
Transcribing agency LPU
Modifying agency OCLCQ
-- SAP
-- OCLCQ
-- MVP
041 1# - LANGUAGE CODE
Language code of text/sound track or separate title spa
Language code of original eng
100 1# - MAIN ENTRY--PERSONAL NAME
Personal name Muth, Jon J.
Authority record control number http://id.loc.gov/authorities/names/n85247637.
240 10 - UNIFORM TITLE
Uniform title <a href="Three questions.">Three questions.</a>
Language of a work Spanish.
245 14 - TITLE STATEMENT
Title Las tres preguntas /
Statement of responsibility, etc. basado en un cuento de Leon Tolstoi ; escrito e ilustrado por Jon J Muth ; [translated by Susana Pasternac].
260 ## - PUBLICATION, DISTRIBUTION, ETC. (IMPRINT)
Place of publication, distribution, etc. New York :
Name of publisher, distributor, etc. Scholastic,
Date of publication, distribution, etc. c2003.
264 #1 - PRODUCTION, PUBLICATION, DISTRIBUTION, MANUFACTURE, AND COPYRIGHT NOTICE
Place of production, publication, distribution, manufacture New York :
Name of producer, publisher, distributor, manufacturer Scholastic,
Date of production, publication, distribution, manufacture, or copyright notice [2003]
264 #4 - PRODUCTION, PUBLICATION, DISTRIBUTION, MANUFACTURE, AND COPYRIGHT NOTICE
Date of production, publication, distribution, manufacture, or copyright notice ℗♭2003.
300 ## - PHYSICAL DESCRIPTION
Extent 1 v. (unpaged) :
Other physical details col. ill. ;
Dimensions 23 x 28 cm.
336 ## - CONTENT TYPE
Content type term text
Content type code txt
Source rdacontent.
337 ## - MEDIA TYPE
Media type term unmediated
Media type code n
Source rdamedia.
338 ## - CARRIER TYPE
Carrier type term volume
Carrier type code nc
Source rdacarrier.
500 ## - GENERAL NOTE
General note Translation of: Three questions.
520 ## - SUMMARY, ETC.
Summary, etc. En este libro ilustrado para ni©łos, Nikolai pregunta a sus amigos los animales las siguientes 3 preguntas: Cu©Łl es el mejor momento para hacer las cosas?, Qui©♭n es el ser m©Łs importante?, y, Qu©♭ es lo que debemos hacer?
520 ## - SUMMARY, ETC.
Summary, etc. Nikolai asks his animal friends to help him answer three important questions: "When is the best time to do things?" "Who is the most important?" and "What is the right thing to do?"
526 0# - STUDY PROGRAM INFORMATION NOTE
Program name Accelerated Reader AR
Interest level LG
Reading level 3.8
Title point value 0.5
Public note 58903.
650 #1 - SUBJECT ADDED ENTRY--TOPICAL TERM
Topical term or geographic name as entry element Conduct of life
Authority record control number http://id.loc.gov/authorities/childrensSubjects/sj96005146
Form subdivision Fiction.
Authority record control number http://id.loc.gov/authorities/childrensSubjects/sh99001562.
650 #1 - SUBJECT ADDED ENTRY--TOPICAL TERM
Topical term or geographic name as entry element Animals
Authority record control number http://id.loc.gov/authorities/childrensSubjects/sj96004766
Form subdivision Fiction.
Authority record control number http://id.loc.gov/authorities/childrensSubjects/sh99001562.
650 #7 - SUBJECT ADDED ENTRY--TOPICAL TERM
Topical term or geographic name as entry element Conducta (Etica)
Form subdivision Novela.
Source of heading or term bidex.
650 #7 - SUBJECT ADDED ENTRY--TOPICAL TERM
Topical term or geographic name as entry element Animales
Form subdivision Novela.
Source of heading or term bidex.
655 #7 - INDEX TERM--GENRE/FORM
Genre/form data or focus term Spanish language materials.
Source of term lcgft.
655 #7 - INDEX TERM--GENRE/FORM
Genre/form data or focus term Fiction.
Source of term lcgft
Authority record control number http://id.loc.gov/authorities/genreForms/gf2014026339.
700 1# - ADDED ENTRY--PERSONAL NAME
Personal name Tolstoy, Leo,
Titles and other words associated with a name graf,
Dates associated with a name 1828-1910.
Authority record control number http://id.loc.gov/authorities/names/n79068416.
942 ## - ADDED ENTRY ELEMENTS (KOHA)
Koha item type Libro/Book
Holdings
Withdrawn status Lost status Damaged status Not for loan Home library Current library Date acquired Inventory number Total Checkouts Barcode Date last seen Price effective from Koha item type Shelving location Full call number Date checked out Source of classification or shelving scheme
        Barbudos -- Satellite Barbudos -- Satellite 02/10/2014   1 35800847 16/02/2022 02/10/2014 Libro/Book     16/04/2015  
        Barbudos -- Satellite Barbudos -- Satellite 14/05/2019     35800952 14/05/2019 14/05/2019 Libro/Book       Dewey Decimal Classification
        San Juan Del Sur -- Biblioteca San Juan Del Sur -- Biblioteca 18/04/2014   2 30001822 06/11/2019 18/04/2014 Libro/Book Children's Area CAJA ESPANOL 05/10/2019  
        Zaragoza -- Satellite Zaragoza -- Satellite 18/04/2014 Inventory date: 7/7/25   35500766 18/04/2014 18/04/2014 Libro/Book        

Powered by Koha